FNAF Games - Statistics

General Stats
  • This quiz has been taken 264 times
    40 since last reset
  • The average score is 12 of 18
Answer Stats
Answer % Correct
FNAF 1
100%
FNAF 2
100%
FNAF 3
100%
FNAF 4
100%
Security Breach
88%
Sister Location
88%
Help Wanted
83%
Pizzeria Simulator
75%
Ultimate Custom Night
75%
Help Wanted 2
71%
Ruin
67%
Secret of the Mimic
63%
FNAF World
58%
Into the Pit
42%
Curse of Dreadbear
21%
Freddy In Space 2
13%
Freddy In Space 3: Chica In Space
8%
Fury's Rage
8%
No matching quizzes found
Score Distribution
Percent of People with Each Score
Percentile by Number Answered
Your Score History
You have not taken this quiz since the last reset